| 000 | 00423nam a22001697a 4500 | ||
|---|---|---|---|
| 005 | 20180316161759.0 | ||
| 008 | 160526b xxu||||| |||| 00| 0 eng d | ||
| 020 | _a0-07-048386-8 | ||
| 041 | _aeng | ||
| 082 |
_b5164 _a332.645 |
||
| 100 |
_aVohra, N.D. & Bagri B.R. _91292 |
||
| 245 | _aFutures and Options | ||
| 260 |
_aNew Delhi _bAcademic Faundation _c2004 |
||
| 300 | _a361 | ||
| 650 |
_aManagement _9241 |
||
| 942 | _cBK | ||
| 999 |
_c1802 _d1801 |
||